[Event "First Saturday 2011 februar FM-D"]
[Site "Budapest"]
[Date "2011.02.05"]
[Round "1"]
[White "Bella, Zsolt"]
[Black "Kelemen, Lajos dr"]
[Result "1-0"]
[WhiteElo "1508"]
[BlackElo "1443"]
[PlyCount "131"]
[EventDate "2011.02.05"]

1. d4 c5 2. dxc5 Qa5+ 3. Nc3 Qxc5 4. e3 Nf6 5. Nf3 e6 6. a3 Qc7 7. Nb5 Qb6 8.
a4 d5 9. e4 Nxe4 10. Be3 Qd8 11. Bf4 Nd6 12. Nfd4 a6 13. Nxd6+ Bxd6 14. Bxd6
Qxd6 15. Bd3 O-O 16. O-O Nc6 17. Nf3 f6 18. c3 e5 19. Nh4 e4 20. Bxe4 Qf4 21.
Bxd5+ Kh8 22. Qh5 Ne7 23. Bf7 Bg4 24. g3 Bxh5 25. gxf4 Rxf7 26. Rae1 Re8 27.
Re3 Ref8 28. Rfe1 Nd5 29. Re4 g5 30. Nf5 gxf4 31. c4 Rg8+ 32. Kf1 Nb4 33. Nh6
Rd7 34. Nxg8 Kxg8 35. h3 f3 36. Re7 Rd4 37. Kg1 Rxc4 38. Rd1 Nc6 39. Rc7 Rd4
40. Re1 Rxa4 41. Rxb7 Ne5 42. Rc1 Rc4 43. Rd1 Rc8 44. Rd6 Rf8 45. Rxa6 Rf7 46.
Rb8+ Kg7 47. Raa8 Kh6 48. Ra6 Kg6 49. Re8 Rg7 50. Rxe5 Kh6+ 51. Kf1 Rf7 52. b4
Bg6 53. Re3 Rd7 54. Ke1 Kg7 55. Rxf3 Re7+ 56. Kf1 Rf7 57. b5 Be4 58. Rg3+ Kf8
59. b6 f5 60. Ra7 f4 61. Rxf7+ Kxf7 62. Rb3 Bb7 63. Rc3 Ke6 64. Rc7 Ba6+ 65.
Ke1 Kd6 66. Rxh7 1-0

[Event "First Saturday 2011 februar FM-D"]
[Site "Budapest"]
[Date "2011.02.05"]
[Round "1"]
[White "Csetneki, Mark"]
[Black "Somogyi, Kristof"]
[Result "1-0"]
[WhiteElo "1593"]
[BlackElo "1659"]
[PlyCount "65"]
[EventDate "2011.02.05"]

1. d4 d5 2. c4 Nf6 3. Nc3 c6 4. cxd5 cxd5 5. Nf3 e6 6. Bf4 Nc6 7. e3 Bb4 8. Bb5
O-O 9. O-O Bxc3 10. bxc3 b6 11. Bxc6 Rb8 12. Bxb8 Ne4 13. Re1 Nxc3 14. Qc2 Ne4
15. Ne5 Bb7 16. Bxb7 Qxb8 17. Nd7 Qxb7 18. Nxf8 Qe7 19. Nxh7 Kxh7 20. f3 f5 21.
fxe4 fxe4 22. Rac1 Qf6 23. Qc7 b5 24. Qe5 Qg6 25. Rc6 Qe8 26. Rxe6 Qc8 27. Qh5+
Kg8 28. Re8+ Qxe8 29. Qxe8+ Kh7 30. Rf1 a6 31. Rf8 Kh6 32. h4 b4 33. Rh8# 1-0

[Event "First Saturday 2011 februar FM-D"]
[Site "Budapest"]
[Date "2011.02.05"]
[Round "1"]
[White "Jones, Peter"]
[Black "Vujosevics, Eszter"]
[Result "1-0"]
[WhiteElo "1394"]
[BlackElo "1387"]
[PlyCount "59"]
[EventDate "2011.02.05"]

1. d4 d5 2. Bf4 Nf6 3. e3 c5 4. Bb5+ Bd7 5. Bxd7+ Nbxd7 6. Nf3 e6 7. Ne5 Be7 8.
c3 O-O 9. Qb3 b6 10. Nxd7 Nxd7 11. Nd2 a5 12. Qd1 f6 13. Qg4 f5 14. Qe2 Nf6 15.
h3 Qe8 16. Nf3 b5 17. Ng5 h6 18. Nxe6 Ra7 19. Nxf8 Bxf8 20. Be5 Nh5 21. Qf3 Qf7
22. g4 Nf6 23. Qxf5 Ra6 24. dxc5 Bxc5 25. Qc8+ Bf8 26. Qxa6 b4 27. Bxf6 gxf6
28. Qxa5 bxc3 29. Qxc3 Qb7 30. O-O-O 1-0

[Event "First Saturday 2011 februar FM-D"]
[Site "Budapest"]
[Date "2011.02.06"]
[Round "2"]
[White "Somogyi, Kristof"]
[Black "Jones, Peter"]
[Result "0-1"]
[WhiteElo "1659"]
[BlackElo "1394"]
[PlyCount "75"]
[EventDate "2011.02.05"]

1. e4 c6 2. Nf3 d5 3. d3 Bg4 4. Nc3 e6 5. Be2 Bb4 6. O-O Bd6 7. Be3 Bxf3 8.
Bxf3 Qc7 9. g3 Nd7 10. Bd4 Be5 11. Ne2 Bxd4 12. Nxd4 O-O-O 13. c4 dxe4 14. Bxe4
Qb6 15. Nf3 f5 16. Ng5 Ne5 17. Nf3 Nxc4 18. dxc4 Rxd1 19. Raxd1 fxe4 20. Ng5
Nf6 21. Nxe6 g6 22. h3 Re8 23. Ng7 Re7 24. Rd2 Rxg7 25. b4 Rd7 26. c5 Qxb4 27.
Rdd1 Rxd1 28. Rxd1 Qxc5 29. Kg2 e3 30. fxe3 Qc2+ 31. Rd2 Qxd2+ 32. Kf3 Qxa2 33.
Kf4 Qe6 34. e4 a5 35. Kg5 a4 36. Kh6 a3 37. Kg5 a2 38. Kh6 0-1

[Event "First Saturday 2011 februar FM-D"]
[Site "Budapest"]
[Date "2011.02.06"]
[Round "2"]
[White "Kelemen, Lajos dr"]
[Black "Csetneki, Mark"]
[Result "0-1"]
[WhiteElo "1443"]
[BlackElo "1593"]
[PlyCount "50"]
[EventDate "2011.02.05"]

1. d4 Nf6 2. c4 d5 3. cxd5 Nxd5 4. e4 Nb6 5. Nf3 Bg4 6. Be2 e6 7. a3 Nc6 8. Be3
Be7 9. O-O O-O 10. Nc3 Na5 11. h3 Bh5 12. Qc2 Nac4 13. Rfd1 Nxe3 14. fxe3 c6
15. Rf1 Bg6 16. Bd3 Qc7 17. Ne5 Rad8 18. Rac1 Qb8 19. Ne2 Bd6 20. Nf4 Bxe5 21.
dxe5 Qxe5 22. Nxg6 hxg6 23. Rcd1 Rd7 24. Qb3 Rfd8 25. Bb1 Rd2 0-1

[Event "First Saturday 2011 februar FM-D"]
[Site "Budapest"]
[Date "2011.02.06"]
[Round "2"]
[White "Somogyi, Akos"]
[Black "Bella, Zsolt"]
[Result "1-0"]
[WhiteElo "1307"]
[BlackElo "1508"]
[PlyCount "137"]
[EventDate "2011.02.05"]

1. e4 c5 2. Nf3 e6 3. Nc3 Nc6 4. Bb5 Nge7 5. O-O a6 6. Bxc6 Nxc6 7. d4 cxd4 8.
Nxd4 Nxd4 9. Qxd4 d6 10. e5 d5 11. Ne2 b6 12. b4 Bd7 13. Ba3 b5 14. Bb2 Rc8 15.
c3 Rc4 16. Qa7 Re4 17. Nd4 Qc8 18. f4 f5 19. g3 Be7 20. Rfe1 Rxe1+ 21. Rxe1 O-O
22. Nf3 h6 23. Qe3 Qb7 24. a3 Bd8 25. Nd4 Bb6 26. Qf2 Qa7 27. Rc1 Be8 28. Qe2
Bxd4+ 29. cxd4 Bd7 30. Rc5 Rc8 31. Rxc8+ Bxc8 32. Qh5 Bd7 33. Qg6 a5 34. g4 Qc7
35. gxf5 exf5 36. e6 Bc6 37. Qxf5 a4 38. Kf2 Bb7 39. Ke3 Qe7 40. Qe5 Bc6 41.
Qb8+ Kh7 42. Qc8 Bd7 43. Qxd7 Qh4 44. e7 Qe1+ 45. Kf3 Qe4+ 46. Kg3 Qe3+ 47. Kg4
Qe2+ 48. Kg3 Qe1+ 49. Kg2 Qd2+ 50. Kf1 Qxf4+ 51. Ke1 Qe4+ 52. Kd1 Qb1+ 53. Bc1
Qb3+ 54. Ke1 Qc3+ 55. Bd2 Qf3 56. e8=Q Qh1+ 57. Ke2 Qxh2+ 58. Kd3 Qg3+ 59. Qe3
Qg6+ 60. Ke2 Qg2+ 61. Kd1 Qf1+ 62. Qe1 Qf3+ 63. Kc1 Qxa3+ 64. Kd1 Qf3+ 65. Qe2
Qb3+ 66. Ke1 Qb1+ 67. Kf2 a3 68. Bxh6 Qg6 69. Qxg7+ 1-0

[Event "First Saturday 2011 februar FM-D"]
[Site "Budapest"]
[Date "2011.02.06"]
[Round "2"]
[White "Hetesi, Zoltan"]
[Black "Horvath, Lajos dr"]
[Result "1/2-1/2"]
[WhiteElo "1527"]
[BlackElo "1626"]
[PlyCount "47"]
[EventDate "2011.02.05"]

1. e4 e5 2. Nf3 Nc6 3. Bc4 Bc5 4. c3 h6 5. d4 exd4 6. cxd4 Bb4+ 7. Nc3 Na5 8.
Qd3 Bxc3+ 9. bxc3 Nxc4 10. Qxc4 d6 11. O-O Ne7 12. Ba3 Bd7 13. e5 b5 14. Qd3 d5
15. Rfe1 c6 16. Bc5 Bf5 17. Bxe7 Bxd3 18. Bxd8 Rxd8 19. e6 f6 20. a4 a6 21.
axb5 Bxb5 22. Nd2 Ke7 23. Nb3 Ra8 24. Nc5 1/2-1/2

[Event "First Saturday 2011 februar FM-D"]
[Site "Budapest"]
[Date "2011.02.07"]
[Round "3"]
[White "Bella, Zsolt"]
[Black "Hetesi, Zoltan"]
[Result "1/2-1/2"]
[WhiteElo "1508"]
[BlackElo "1527"]
[PlyCount "128"]
[EventDate "2011.02.05"]

1. d4 e5 2. dxe5 Nc6 3. Nf3 Qe7 4. Bf4 Qb4+ 5. Bd2 Qxb2 6. Nc3 Bb4 7. Rb1 Qa3
8. Nb5 Qa5 9. Nxc7+ Qxc7 10. Bxb4 Nxb4 11. Rxb4 Qc3+ 12. Qd2 Qa1+ 13. Qd1 Qxa2
14. e3 Qa5 15. c3 Ne7 16. Qc1 O-O 17. Bd3 Nc6 18. Rb5 Qc7 19. O-O Re8 20. Ng5
g6 21. Bc4 Nxe5 22. Rxe5 Rxe5 23. Bxf7+ Kg7 24. f4 Rc5 25. Qd2 Qc6 26. Qd4+ Kh6
27. c4 d6 28. Bd5 Qe8 29. Nf7+ Kh5 30. Qf6 Qxe3+ 31. Kh1 Rxd5 32. cxd5 h6 33.
Nxd6 Qd3 34. Qe5+ Bf5 35. g4+ Kxg4 36. Rg1+ Kh5 37. Nxf5 Qxf5 38. Qe2+ Kh4 39.
Qf3 Qh3 40. Qe4 Qf5 41. Qf3 Qh3 42. Qf2+ Kh5 43. Rg3 Qf5 44. Qf3+ Kh4 45. h3
Rc8 46. Rg4+ Kh5 47. Rg1+ Kh4 48. Qg2 Qxh3+ 49. Qxh3+ Kxh3 50. d6 Rd8 51. Rxg6
a5 52. Kg1 a4 53. Kf2 a3 54. Kf3 Kh2 55. Rg2+ Kh1 56. Ra2 Rxd6 57. Rxa3 Ra6 58.
Rb3 b6 59. f5 Ra5 60. Kf4 Ra4+ 61. Ke5 h5 62. Rh3+ Kg2 63. Rxh5 Kg3 64. Rh8 Kg4
1/2-1/2

[Event "First Saturday 2011 februar FM-D"]
[Site "Budapest"]
[Date "2011.02.07"]
[Round "3"]
[White "Csetneki, Mark"]
[Black "Somogyi, Akos"]
[Result "1-0"]
[WhiteElo "1593"]
[BlackElo "1307"]
[PlyCount "129"]
[EventDate "2011.02.05"]

1. d4 d5 2. c4 dxc4 3. Nf3 Nf6 4. e3 Nc6 5. Bxc4 Bg4 6. Be2 e6 7. h3 Bf5 8. Nc3
Bb4 9. a3 Bxc3+ 10. bxc3 Be4 11. O-O O-O 12. Bd3 Bxd3 13. Qxd3 Re8 14. e4 e5
15. d5 Ne7 16. Rb1 b6 17. c4 Qd6 18. Rd1 Red8 19. Bb2 Ng6 20. Ba1 Rac8 21. g3
c6 22. Qe3 cxd5 23. cxd5 Rc2 24. Rbc1 Rdc8 25. Rxc2 Rxc2 26. Ne1 Rc4 27. f3 Nd7
28. Rc1 Rxc1 29. Qxc1 Nc5 30. Qb2 f6 31. Qb4 Nb7 32. Nd3 Nf8 33. Kf2 Nd7 34.
Bc3 Ndc5 35. Nxc5 Qxc5+ 36. Qxc5 Nxc5 37. Bb4 Nd3+ 38. Ke2 Nxb4 39. axb4 Kf8
40. Kd3 b5 41. f4 Ke7 42. Ke3 g6 43. g4 g5 44. f5 Kd6 45. h4 gxh4 46. Kf3 h6
47. Kg2 a6 48. Kh3 Ke7 49. Kxh4 Kd6 50. Kh5 Ke7 51. Kxh6 Kd6 52. Kg6 Ke7 53.
Kg7 a5 54. bxa5 b4 55. a6 b3 56. a7 b2 57. a8=Q b1=Q 58. g5 fxg5 59. f6+ Kd7
60. Qa7+ Kc8 61. f7 Qf1 62. f8=Q+ Qxf8+ 63. Kxf8 g4 64. d6 Kd8 65. Qc7# 1-0

[Event "First Saturday 2011 februar FM-D"]
[Site "Budapest"]
[Date "2011.02.07"]
[Round "3"]
[White "Jones, Peter"]
[Black "Kelemen, Lajos dr"]
[Result "0-1"]
[WhiteElo "1394"]
[BlackElo "1443"]
[PlyCount "71"]
[EventDate "2011.02.05"]

1. d4 c5 2. Bf4 cxd4 3. Qxd4 Nc6 4. Qd1 Nf6 5. Nf3 Nh5 6. Bg5 Qa5+ 7. Bd2 Qb6
8. Bc3 e6 9. e3 Bb4 10. Qd3 Nf6 11. Qb5 Bxc3+ 12. bxc3 Qc7 13. Qg5 O-O 14. Bd3
e5 15. Nh4 e4 16. Nf5 Ne8 17. Bxe4 Qd8 18. Qg3 d5 19. Bd3 Bxf5 20. Bxf5 Nf6 21.
O-O Qb6 22. Nd2 Qd8 23. Nf3 Ne7 24. Bd3 Rc8 25. Rab1 b6 26. Rb3 Qd7 27. Ng5 Nf5
28. Qh3 g6 29. Bxf5 Qxf5 30. Qxf5 gxf5 31. Rd1 Rfd8 32. Rd4 Ne4 33. Nxe4 fxe4
34. Ra4 Rc7 35. h3 Rdc8 36. Raa3 0-1

[Event "First Saturday 2011 februar FM-D"]
[Site "Budapest"]
[Date "2011.02.07"]
[Round "3"]
[White "Somogyi, Theodora"]
[Black "Vujosevics, Eszter"]
[Result "0-1"]
[WhiteElo "1203"]
[BlackElo "1387"]
[PlyCount "126"]
[EventDate "2011.02.05"]

1. e4 e5 2. Nf3 Nc6 3. d4 exd4 4. c3 Bc5 5. Qd3 Nf6 6. e5 Qe7 7. Bf4 d6 8. cxd4
Bb4+ 9. Nc3 Nd5 10. Bd2 Nf6 11. Qe3 Nd7 12. Nd5 Bxd2+ 13. Qxd2 Qd8 14. Qg5 f6
15. Nxc7+ Qxc7 16. exf6 Nxf6 17. Rd1 Qe7+ 18. Be2 Bg4 19. Qe3 O-O-O 20. Qd3 Nb4
21. Rc1+ Kb8 22. Qb3 Na6 23. Rc2 Rc8 24. O-O Rxc2 25. Qxc2 Bxf3 26. Bxf3 Rc8
27. Qb3 Qc7 28. h3 g5 29. Qe6 Nd7 30. Qd5 Nb4 31. Qxg5 Nb6 32. Rc1 Qxc1+ 33.
Qxc1 Rxc1+ 34. Kh2 Rc2 35. a3 Nd3 36. Kg3 Nxf2 37. h4 Rxb2 38. h5 Nd3 39. a4
Ra2 40. d5 Rxa4 41. h6 Nc4 42. Be4 Ra3 43. Kg4 Nde5+ 44. Kf4 b5 45. g4 b4 46.
g5 b3 47. Bxh7 Nf7 48. g6 Nxh6 49. g7 b2 50. Kg5 Rh3 51. Bf5 Rh2 52. Kf6 a5 53.
Kg5 a4 54. Kf4 a3 55. Bb1 Nd2 56. Ba2 b1=Q 57. Bxb1 Nxb1 58. Kg5 a2 59. Kf6
a1=Q+ 60. Ke7 Qxg7+ 61. Kxd6 Nf5+ 62. Kc5 Qc7+ 63. Kb5 Rb2+ 0-1

[Event "First Saturday 2011 februar FM-D"]
[Site "Budapest"]
[Date "2011.02.08"]
[Round "4"]
[White "Somogyi, Kristof"]
[Black "Somogyi, Theodora"]
[Result "1/2-1/2"]
[WhiteElo "1659"]
[BlackElo "1203"]
[PlyCount "33"]
[EventDate "2011.02.05"]

1. e4 c5 2. Nf3 Nc6 3. Bc4 e6 4. O-O d5 5. exd5 exd5 6. Bb5 Qd7 7. Nc3 Nf6 8.
d3 a6 9. Bxc6 bxc6 10. Qe1+ Be7 11. Bg5 Qf5 12. Qe2 Ra7 13. Rfe1 O-O 14. Qe5
Qd7 15. Qg3 Bd6 16. Qh4 Qf5 17. Bxf6 1/2-1/2

[Event "First Saturday 2011 februar FM-D"]
[Site "Budapest"]
[Date "2011.02.08"]
[Round "4"]
[White "Somogyi, Akos"]
[Black "Jones, Peter"]
[Result "1/2-1/2"]
[WhiteElo "1307"]
[BlackElo "1394"]
[PlyCount "81"]
[EventDate "2011.02.05"]

1. e4 c6 2. d4 d5 3. e5 Bf5 4. Bd3 Bxd3 5. Qxd3 e6 6. Nf3 Bb4+ 7. Bd2 Qb6 8.
Bxb4 Qxb4+ 9. Qc3 Na6 10. a3 Qb5 11. b4 Ne7 12. g4 Ng6 13. Qd2 Nc7 14. Nc3 Qc4
15. Nd1 Qa6 16. Nb2 b6 17. Qd3 Nf4 18. Qxa6 Nxa6 19. Nd3 Nxd3+ 20. cxd3 c5 21.
b5 Nc7 22. Rb1 cxd4 23. Nxd4 O-O 24. Nc6 a6 25. a4 axb5 26. axb5 Ra2 27. O-O f6
28. f4 Rc2 29. d4 Ra8 30. Ra1 Rxa1 31. Rxa1 Nxb5 32. f5 exf5 33. e6 Nc7 34. Nb4
Rc4 35. Nxd5 Nxe6 36. gxf5 Nxd4 37. Nxb6 Rc5 38. Ra8+ Kf7 39. Ra7+ Ke8 40. Ra8+
Ke7 41. Ra7+ 1/2-1/2

[Event "First Saturday 2011 februar FM-D"]
[Site "Budapest"]
[Date "2011.02.08"]
[Round "4"]
[White "Hetesi, Zoltan"]
[Black "Csetneki, Mark"]
[Result "0-1"]
[WhiteElo "1527"]
[BlackElo "1593"]
[PlyCount "32"]
[EventDate "2011.02.05"]

1. e4 c5 2. Nf3 e6 3. Bc4 Nc6 4. c3 d5 5. exd5 exd5 6. Bb5 Be6 7. O-O Bd6 8. d4
c4 9. Ng5 Nf6 10. Nxe6 fxe6 11. Re1 O-O 12. Rxe6 Ne4 13. Be3 Qd7 14. Rxe4 dxe4
15. d5 a6 16. dxc6 Bxh2+ 0-1

[Event "First Saturday 2011 februar FM-D"]
[Site "Budapest"]
[Date "2011.02.08"]
[Round "4"]
[White "Horvath, Lajos dr"]
[Black "Bella, Zsolt"]
[Result "1-0"]
[WhiteElo "1626"]
[BlackElo "1508"]
[PlyCount "103"]
[EventDate "2011.02.05"]

1. Nf3 Nf6 2. d4 g6 3. c3 Bg7 4. Qb3 d6 5. e3 O-O 6. Be2 Nbd7 7. Nbd2 b6 8. e4
Bb7 9. Bd3 e5 10. O-O Nh5 11. Nc4 Ba6 12. Qc2 Qe7 13. Bg5 Bf6 14. Be3 Kg7 15.
Qd2 Nf4 16. Bxf4 exf4 17. Rfe1 g5 18. e5 dxe5 19. dxe5 Nxe5 20. Ncxe5 Bxd3 21.
Nxd3 Qd6 22. Qc2 Rae8 23. Rxe8 Rxe8 24. h3 h5 25. Rd1 Re6 26. Nde5 Qf8 27. Nd7
Qe7 28. Nxf6 Qxf6 29. Nd4 Re5 30. Qa4 a5 31. Qd7 g4 32. hxg4 hxg4 33. Qxg4+ Rg5
34. Qh3 c5 35. Nf3 Rg6 36. Rd5 Qc6 37. Qd7 Qf6 38. Ne5 f3 39. Nxg6 Qxg6 40. g3
Qb1+ 41. Kh2 Qh7+ 42. Qh3 Qc2 43. Qg4+ Kf8 44. Qxf3 Qxb2 45. Qe3 Qxa2 46. Rd8+
Kg7 47. Qg5+ Kh7 48. Qh5+ Kg7 49. Qh8+ Kg6 50. Rd6+ Kf5 51. Qf6+ Ke4 52. Qf4#
1-0

[Event "First Saturday 2011 februar FM-D"]
[Site "Budapest"]
[Date "2011.02.09"]
[Round "5"]
[White "Csetneki, Mark"]
[Black "Horvath, Lajos dr"]
[Result "1/2-1/2"]
[WhiteElo "1593"]
[BlackElo "1626"]
[PlyCount "93"]
[EventDate "2011.02.05"]

1. d4 Nf6 2. c4 c6 3. Nc3 d5 4. cxd5 cxd5 5. Nf3 e6 6. Bf4 Bb4 7. a3 Bxc3+ 8.
bxc3 Nc6 9. e3 Ne4 10. Rc1 Qa5 11. Qb3 Qb6 12. Qxb6 axb6 13. c4 Rxa3 14. cxd5
exd5 15. Ne5 Ra2 16. Be2 O-O 17. f3 Nf6 18. Nxc6 bxc6 19. Rxc6 Bd7 20. Rc1 Rfa8
21. Kf2 h6 22. Rhe1 Rb2 23. Kg1 Raa2 24. Bf1 Bb5 25. Bxb5 Rxb5 26. e4 Rbb2 27.
Rc8+ Kh7 28. Rd8 dxe4 29. fxe4 Nxe4 30. g4 Nf6 31. h3 Kg6 32. Rd6 Kh7 33. Rd8
Rf2 34. Be5 Kg6 35. Rd6 h5 36. Rf1 Rg2+ 37. Kh1 hxg4 38. hxg4 Kg5 39. Rg1 Rgc2
40. Rxb6 Nd5 41. Rb5 Nf4 42. Bxf4+ Kxf4 43. Rf5+ Ke3 44. Re1+ Kxd4 45. Rxf7
Rh2+ 46. Kg1 Rhg2+ 47. Kh1 1/2-1/2

[Event "First Saturday 2011 februar FM-D"]
[Site "Budapest"]
[Date "2011.02.09"]
[Round "5"]
[White "Jones, Peter"]
[Black "Hetesi, Zoltan"]
[Result "0-1"]
[WhiteElo "1394"]
[BlackElo "1527"]
[PlyCount "40"]
[EventDate "2011.02.05"]

1. d4 d5 2. Bf4 Bf5 3. Nf3 e6 4. Nfd2 Nf6 5. h3 h6 6. e3 c5 7. Bb5+ Nc6 8. Nf3
Ne4 9. Ne5 Qa5+ 10. c3 Qxb5 11. Qh5 g6 12. Qe2 Qxe2+ 13. Kxe2 g5 14. Bh2 Nxe5
15. Bxe5 f6 16. Bh2 cxd4 17. cxd4 Rc8 18. Na3 Bxa3 19. bxa3 Rc2+ 20. Kf3 Rxf2#
0-1

[Event "First Saturday 2011 februar FM-D"]
[Site "Budapest"]
[Date "2011.02.09"]
[Round "5"]
[White "Somogyi, Theodora"]
[Black "Kelemen, Lajos dr"]
[Result "0-1"]
[WhiteElo "1203"]
[BlackElo "1443"]
[PlyCount "76"]
[EventDate "2011.02.05"]

1. e3 d5 2. d4 e6 3. c3 Nf6 4. Nf3 c5 5. a3 a5 6. b3 Bd6 7. c4 b6 8. Nc3 Bb7 9.
Bd3 O-O 10. O-O Nbd7 11. Bc2 cxd4 12. exd4 dxc4 13. bxc4 Ba6 14. Bb3 Qc7 15.
Nd2 Bxh2+ 16. Kh1 Bf4 17. Nf3 Bxc1 18. Qxc1 Bxc4 19. Bxc4 Qxc4 20. Qe3 Nd5 21.
Nxd5 Qxd5 22. Rac1 Nf6 23. Rfe1 Ng4 24. Qe2 Rac8 25. Rxc8 Rxc8 26. g3 Qc4 27.
Qb2 Qc3 28. Qe2 Qc2 29. Qf1 Nxf2+ 30. Kg1 Ng4 31. Re2 Qc3 32. Qh3 Qxf3 33. Qf1
Qxf1+ 34. Kxf1 Rc1+ 35. Kg2 Rc3 36. Rd2 Rxa3 37. d5 Ne3+ 38. Kf3 Nxd5+ 0-1

[Event "First Saturday 2011 februar FM-D"]
[Site "Budapest"]
[Date "2011.02.09"]
[Round "5"]
[White "Vujosevics, Eszter"]
[Black "Somogyi, Kristof"]
[Result "1-0"]
[WhiteElo "1387"]
[BlackElo "1659"]
[PlyCount "27"]
[EventDate "2011.02.05"]

1. e4 e5 2. Nf3 Nc6 3. Bc4 Bc5 4. d3 Nf6 5. Nc3 O-O 6. Bg5 d6 7. h3 Nd4 8. Nd5
Be6 9. Nxf6+ gxf6 10. Bh6 Re8 11. Bxe6 Rxe6 12. Nxd4 Bxd4 13. Qg4+ Kh8 14. Qg7#
1-0

[Event "First Saturday 2011 februar FM-D"]
[Site "Budapest"]
[Date "2011.02.10"]
[Round "6"]
[White "Kelemen, Lajos dr"]
[Black "Vujosevics, Eszter"]
[Result "1-0"]
[WhiteElo "1443"]
[BlackElo "1387"]
[PlyCount "87"]
[EventDate "2011.02.05"]

1. d4 d5 2. e4 dxe4 3. Nc3 Nf6 4. f3 c6 5. fxe4 e5 6. dxe5 Qxd1+ 7. Nxd1 Nxe4
8. Bd3 Nc5 9. Nf2 Be7 10. Nf3 Be6 11. Bf4 Nbd7 12. Nd4 Bd5 13. O-O Nxd3 14.
cxd3 g5 15. Bg3 Bc5 16. Nf5 O-O-O 17. d4 Bb6 18. Nd6+ Kb8 19. Nf5 Ka8 20. Rfd1
Be6 21. Ne3 f5 22. exf6 Nxf6 23. Be5 Rhf8 24. a4 a6 25. h3 h5 26. Kf1 Ne4 27.
Ke2 Nxf2 28. Rf1 Ne4 29. Rad1 Bb3 30. Rc1 Rfe8 31. Rf3 Bxa4 32. Nc4 Bb5 33. b3
h4 34. Ke3 Ng3 35. Nxb6+ Ka7 36. Nc4 Rd5 37. Kf2 Nh5 38. Rf7 c5 39. Nd6 Rg8 40.
Rxb7+ Ka8 41. Rf7 cxd4 42. Rcc7 Bc6 43. Ra7+ Kb8 44. Nc4+ 1-0

[Event "First Saturday 2011 februar FM-D"]
[Site "Budapest"]
[Date "2011.02.10"]
[Round "6"]
[White "Somogyi, Akos"]
[Black "Somogyi, Theodora"]
[Result "1/2-1/2"]
[WhiteElo "1307"]
[BlackElo "1203"]
[PlyCount "68"]
[EventDate "2011.02.05"]

1. e4 c5 2. Nf3 Nf6 3. Nc3 e6 4. Bc4 Nc6 5. d4 d6 6. d5 Ne5 7. Nxe5 dxe5 8. O-O
exd5 9. Nxd5 Nxe4 10. Ne3 Bd6 11. f3 Nf6 12. Nd5 Be6 13. Bg5 h6 14. Bxf6 gxf6
15. Ne3 f5 16. Bxe6 fxe6 17. g3 f4 18. gxf4 Rg8+ 19. Kh1 exf4 20. Ng2 Qg5 21.
Rg1 O-O-O 22. Qe1 Qf6 23. c3 Rg7 24. Qh4 Qg6 25. Qh3 Rf8 26. Nh4 Qf6 27. Rxg7
Qxg7 28. Qxe6+ Kd8 29. Qxd6+ Kc8 30. Qxc5+ Kb8 31. Qd6+ Qc7 32. Qxc7+ Kxc7 33.
Nf5 Rxf5 34. Re1 Rf7 1/2-1/2

[Event "First Saturday 2011 februar FM-D"]
[Site "Budapest"]
[Date "2011.02.10"]
[Round "6"]
[White "Horvath, Lajos dr"]
[Black "Jones, Peter"]
[Result "1-0"]
[WhiteElo "1626"]
[BlackElo "1394"]
[PlyCount "81"]
[EventDate "2011.02.05"]

1. Nf3 c6 2. e4 d5 3. exd5 cxd5 4. c3 Nc6 5. d4 a6 6. Bf4 Bg4 7. Nbd2 Qb6 8.
Qc2 Nf6 9. h3 Bd7 10. Bd3 g6 11. O-O Nh5 12. Bh2 Bh6 13. Rfe1 Bf4 14. Nb3 Bxh2+
15. Nxh2 Nf4 16. Bf1 Bf5 17. Qd2 Ne6 18. g4 Be4 19. f3 Bf5 20. gxf5 gxf5 21.
Bg2 Qc7 22. Re2 Nf4 23. Rf2 Rg8 24. Kh1 Rg3 25. Nc5 Nxh3 26. Bxh3 Rxh3 27. f4
O-O-O 28. Rg1 h6 29. Rfg2 Rh4 30. Nd3 Kb8 31. Rg8 Na5 32. Rxd8+ Qxd8 33. Qf2 e6
34. Ne5 Qe7 35. Rg7 Rh3 36. Kg2 Qh4 37. Qxh4 Rxh4 38. Kg3 Rh5 39. Rxf7 Nc4 40.
Nxc4 dxc4 41. Re7 1-0

[Event "First Saturday 2011 februar FM-D"]
[Site "Budapest"]
[Date "2011.02.10"]
[Round "6"]
[White "Bella, Zsolt"]
[Black "Csetneki, Mark"]
[Result "0-1"]
[WhiteElo "1508"]
[BlackElo "1593"]
[PlyCount "38"]
[EventDate "2011.02.05"]

1. c4 e5 2. Nc3 Nc6 3. e4 Nf6 4. a3 d6 5. g3 Bg4 6. Be2 h5 7. d3 Nd4 8. Be3
Bxe2 9. Ngxe2 Nf3+ 10. Kf1 Ng4 11. Qa4+ c6 12. Bxa7 Qf6 13. Nd5 Qd8 14. Kg2 Ng5
15. Ndc3 Rh6 16. Bb6 Qc8 17. Qc2 Rf6 18. Raf1 Ne3+ 19. fxe3 Qh3+ 0-1

[Event "First Saturday 2011 februar FM-D"]
[Site "Budapest"]
[Date "2011.02.11"]
[Round "7"]
[White "Jones, Peter"]
[Black "Bella, Zsolt"]
[Result "0-1"]
[WhiteElo "1394"]
[BlackElo "1508"]
[PlyCount "70"]
[EventDate "2011.02.05"]

1. d4 e6 2. Bf4 c5 3. a3 cxd4 4. Qxd4 Nc6 5. Qd1 e5 6. Bg3 Nf6 7. Nc3 Bc5 8.
Na4 Ne4 9. Nxc5 Nxc5 10. Qd5 d6 11. Rd1 O-O 12. Qxd6 Qb6 13. b4 Ne4 14. Qd3
Nxg3 15. Qxg3 Bf5 16. c4 Nxb4 17. e3 Nc6 18. Nf3 Qa5+ 19. Rd2 Rad8 20. Qg5 e4
21. Nd4 Nxd4 22. exd4 Rxd4 23. g4 Rfd8 24. Qxd8+ Rxd8 25. Be2 Qxd2+ 26. Kf1 Qg5
27. gxf5 Qxf5 28. Rg1 e3 29. f3 Rd6 30. Rg4 h5 31. Re4 Qh3+ 32. Kg1 Rb6 33. Rd4
Rb1+ 34. Rd1 Rxd1+ 35. Bxd1 Qe6 0-1

[Event "First Saturday 2011 februar FM-D"]
[Site "Budapest"]
[Date "2011.02.11"]
[Round "7"]
[White "Somogyi, Theodora"]
[Black "Hetesi, Zoltan"]
[Result "0-1"]
[WhiteElo "1203"]
[BlackElo "1527"]
[PlyCount "50"]
[EventDate "2011.02.05"]

1. e4 e5 2. Nf3 d5 3. Nc3 d4 4. Nd5 c6 5. d3 cxd5 6. Nxe5 dxe4 7. dxe4 Qa5+ 8.
c3 Qxe5 9. Qa4+ Nc6 10. Bb5 Qxe4+ 11. Be2 Nf6 12. f3 Qe6 13. cxd4 Bb4+ 14. Kf1
O-O 15. a3 Bd6 16. b4 Nxd4 17. Ra2 Qxa2 18. Qd1 Nxe2 19. Be3 Nc3 20. Qe1 Qxa3
21. Bd4 Ncd5 22. Bf2 Bf5 23. g3 Bh3+ 24. Kg1 Rfe8 25. Qc1 Bxb4 0-1

[Event "First Saturday 2011 februar FM-D"]
[Site "Budapest"]
[Date "2011.02.11"]
[Round "7"]
[White "Vujosevics, Eszter"]
[Black "Somogyi, Akos"]
[Result "1-0"]
[WhiteElo "1387"]
[BlackElo "1307"]
[PlyCount "65"]
[EventDate "2011.02.05"]

1. e4 e5 2. Nf3 Nc6 3. Bc4 Bc5 4. d3 h6 5. Nc3 Nf6 6. O-O O-O 7. Be3 Bxe3 8.
fxe3 d6 9. h3 Na5 10. Bb3 c5 11. Nd5 Nxb3 12. Nxf6+ Qxf6 13. axb3 Bd7 14. d4
cxd4 15. exd4 Qe7 16. dxe5 dxe5 17. Ra5 f6 18. Nh4 Qe8 19. Qd5+ Qe6 20. Qd2
Qb6+ 21. Kh1 Bc6 22. Qc3 Rf7 23. Qe1 Qd4 24. Nf5 Qxb2 25. Qg3 Kh7 26. h4 g6 27.
Nd6 Rff8 28. Rc5 h5 29. Rc3 Qa3 30. Nxb7 Bxb7 31. Rc7+ Kh6 32. Qe3+ g5 33.
Rxf6+ 1-0

[Event "First Saturday 2011 februar FM-D"]
[Site "Budapest"]
[Date "2011.02.11"]
[Round "7"]
[White "Somogyi, Kristof"]
[Black "Kelemen, Lajos dr"]
[Result "0-1"]
[WhiteElo "1659"]
[BlackElo "1443"]
[PlyCount "52"]
[EventDate "2011.02.05"]

1. e4 c5 2. Nf3 e6 3. c4 Nf6 4. d4 cxd4 5. Qxd4 Nc6 6. Qd3 Bb4+ 7. Bd2 Qb6 8.
Bc3 Bxc3+ 9. Qxc3 Nxe4 10. Bd3 Qxf2+ 11. Kd1 Nxc3+ 12. Nxc3 Qxb2 13. Rc1 Qxg2
14. Rf1 Qb2 15. Rc2 Qb6 16. Kd2 Nd4 17. Rb1 Nxf3+ 18. Kd1 Qg1+ 19. Ke2 Nd4+ 20.
Kd2 Qg5+ 21. Kd1 Nxc2 22. Bxc2 Qg4+ 23. Kc1 Qf4+ 24. Kb2 Qxh2 25. Nb5 a5 26.
Rd1 a4 0-1

[Event "First Saturday 2011 februar FM-D"]
[Site "Budapest"]
[Date "2011.02.12"]
[Round "8"]
[White "Somogyi, Akos"]
[Black "Somogyi, Kristof"]
[Result "1/2-1/2"]
[WhiteElo "1307"]
[BlackElo "1659"]
[PlyCount "24"]
[EventDate "2011.02.05"]

1. e4 e5 2. Nf3 Nc6 3. Bb5 Nf6 4. Nc3 Bc5 5. Bxc6 dxc6 6. Nxe5 Nh5 7. O-O O-O
8. Qxh5 g6 9. Qe2 Bd4 10. Nf3 Bxc3 11. dxc3 f5 12. exf5 gxf5 1/2-1/2